000
00303nam a2200133Ia 4500
003
OSt
005
20240404102149.0
020
_a
81-7835-204-4
040
_c
LCC
050
_a
Z 696 .S 24 2003
100
_a
CHANDRA,RAMESH
245
0
_a
INFORMATION PRESERVATION IN LIBRARY MANAGEMENT
942
_c
BK
_2
ddc
999
_c
206809
_d
206809